| 000 | 00406nam a2200181Ia 4500 | ||
|---|---|---|---|
| 008 | 210210b1938 xxu||||| |||| 00| 0 eng d | ||
| 041 | _aeng | ||
| 082 | _a516/20 | ||
| 100 | _aFAWDRY (R C) | ||
| 245 | _aStatics partsI and II | ||
| 260 |
_aLondon _bG Bell and Sons Limited _c1938 |
||
| 650 | _aStatics | ||
| 650 | _apartsI | ||
| 650 | _aII | ||
| 650 | _aand | ||
| 690 | _astatics | ||
| 906 | _a007737 | ||
| 999 |
_c140355 _d140355 |
||